| 000 | 01199nam a2200313 i 4500 | ||
|---|---|---|---|
| 003 | EG-GICUC | ||
| 005 | 20260427090909.0 | ||
| 008 | 260427s1959 ua |||fr|||| 000 0 eng d | ||
| 040 |
_aEG-GiCUC _beng _cEG-GiCUC _dEG-GiCUC _erda |
||
| 041 | 0 | _aeng | |
| 082 | 0 | 4 |
_221 _a343 _bWE . U |
| 092 | 0 | 4 | _221 |
| 099 | _aLaw1 10 343 WE . U 1959 | ||
| 110 |
_kWest Publishing Co. _eAuthor. |
||
| 245 | 1 | 0 |
_aUnited States Code Annotated: _bTitle 28 Judiciary And Judicial Procedure ยงยง 1961 To 2240, _cWest Publishing Co. |
| 264 | 1 |
_a U.S.A: _bWest Publishing Co, _c1959. |
|
| 300 |
_a649 pages ; _c24 cm _billustrations, |
||
| 336 |
_2rda content _atext |
||
| 337 |
_2rda media _aComputer |
||
| 338 |
_2rda carrier _aOnline Resource |
||
| 500 | _aOfficial Revision And Codification Of The Laws Relating To The Judiciary And Judicial Procedure, Under Arrangement Of Official Code Of The Laws Of The United States With Annotations From Federal And State Courts | ||
| 504 | _aBibliography: pages 200-250. | ||
| 546 | _aText in English | ||
| 650 | 1 |
_aCriminal law _2qrmak |
|
| 651 | 1 | _2qrmak | |
| 856 | 4 | 0 | _uhttps://fll.law.cu.edu.eg/fulltext/bks/B10-11825.pdf |
| 905 | _a158 | ||
| 942 |
_2ddc _n0 _cBK _e21 |
||
| 999 |
_c73561 _d73561 |
||